00863cam a2200241 i 450000100060000000300080000600500170001400800390003102000150007003500190008504000320010404100080013608200210014410000310016524500460019626000460024230000700028850400550035865000310041394200120044499900170045695201480047317100BD-RjUL20211209000105.0140216s1978 iauacfg bk 001 0 eng a0697034003 a(BD-RjUL)17157 aDLCcDLCdDLCdBD-RjULbeng aeng00a780.15bBRM 19781 aBroekema, Andrew J.95275314aThe music listener /cAndrew J. Broekema. aDubuque, Iowa :bW. C. Brown Co.,cc1978. axv, 534 p., [4] leaves of plates :bill., ports., music ;c24 cm. aIncludes bibliographies, discographies, and index. 0aMusic appreciation.952754 2ddccBK c17100d17100 00102ddc40718NFICaRUCLbRUCLcReadingd1992-11-12eAsia Fundation Giftg0.00l0o780.15 BRM 1978r2014-02-16 00:00:00tC-1w2014-02-16yBK